| 000 | 01547nam0a22003011 4500 | ||
|---|---|---|---|
| 001 | rc\4620626 | ||
| 005 | 20130416195622.8 | ||
| 021 |
_aRU _b[60-84217] |
||
| 035 | _a(NLR Aleph) 008674599 | ||
| 090 |
_a9141153 _c9141153 |
||
| 100 | _a20130416d1960 |||y0rusy50 ca | ||
| 101 | 0 | _arus | |
| 102 | _aRU | ||
| 105 | _aa z ||||| | ||
| 200 | 1 |
_aСгорание и смесеобразование в дизелях _eТруды Науч.-техн. конференции, провед. в июне 1958 г. Лабораторией двигателей _f[Ред. коллегия: акад. Б.С. Стечкин (гл. ред.) и др.] _gАкад. наук СССР. Лаборатория двигателей |
|
| 210 |
_aМосква _cИзд-во Акад. наук СССР _d1960 |
||
| 215 |
_a241 с., 1 л. ил. _cил. _d27 |
||
| 320 | _aБиблиогр. в конце докладов | ||
| 606 |
_aДвигатели дизеля _xСмесеобразование _jСборники _2psbo |
||
| 606 |
_aДизельное топливо _xСгорание _jСборники _2psbo |
||
| 702 | 1 |
_aСтечкин _bБ. С. _gБорис Сергеевич _4340 |
|
| 712 | 0 | 2 | _aНаучно-техническая конференция по горению и смесеобразованию в дизелях (Москва) |
| 712 | 0 | 2 |
_aАН СССР _bЛаборатория двигателей _3RU\NLR\AUTH\8813712 |
| 801 | 0 |
_aRU _bNLR _gpsbo |
|
| 801 | 1 |
_aRU _bELAR _2rusmarc |
|
| 852 |
_aNLR _j60-7/2492 |
||
| 942 | _cBOOK | ||
| 980 | _aNB | ||